Lidová architektura

Gespeichert in:
Bibliographische Detailangaben
Hauptverfasser: Frolec, Václav (Verfasst von), Vařeka, Josef (Verfasst von)
Format: Buch
Sprache:Tschechisch
Veröffentlicht: Praha : SNTL, 1983
Ausgabe:1. vyd.
Schlagworte:
Tags: Tag hinzufügen
Keine Tags, Fügen Sie das erste Tag hinzu!

MARC

LEADER 00000nam a22000003a 4500
001 stu10949
005 20150617225804.9
008 950130s1983----cs------------------cze-d
040 |a STU  |b slo 
041 0 |a cze 
044 |a cs 
100 1 |a Frolec, Václav  |4 aut 
245 1 |a Lidová architektura 
250 |a 1. vyd. 
260 |a Praha :  |b SNTL,  |c 1983 
300 |a 359 s 
650 7 |a architektúra ľudová  |2 stusub 
700 1 |a Vařeka, Josef  |4 aut